| 000 | 00850nam a22002537a 4500 | ||
|---|---|---|---|
| 003 | DO-SdBNP | ||
| 005 | 20240530073926.0 | ||
| 007 | ta | ||
| 008 | 220204e2019 dr ||||er|||| 001 fdspa d | ||
| 020 | _a9789945220209 | ||
| 040 |
_aDO-SdBNP _bspa _cBNPHU |
||
| 082 | 4 |
_aRD863.44 _bR696M _222 |
|
| 100 | 1 |
_aRodríguez, Emmanuel A., _d1963- _946435 |
|
| 245 | 1 | 0 |
_aMadre, perdóname, soy maricón / _cEmmanuel Rodríguez ; presentación Carlos Reyes. |
| 260 |
_aSanto Domingo : _bBúho, _c2019. |
||
| 300 |
_a187 p. _c22 cm. |
||
| 500 | _aIncluye datos biográficos del autor en la solapa de la cubierta. | ||
| 590 | _aInventariado, 2022 /LP | ||
| 650 | 0 |
_aNovela dominicana _9223 |
|
| 650 | 4 | _aLiteratura dominicana | |
| 700 | 1 |
_aReyes, Carlos, _epresentación _910782 |
|
| 910 | _aLopérez./Validado. Control de calidad MFF | ||
| 942 |
_2ddc _cLBS1 |
||
| 999 |
_c51349 _d51349 |
||